00259nam a2200109Ia 4500008004100000082001500041100001600056245002900072260003200101300000800133650000800141191201s2007 xx 000 0 und d a658.5bPRO aPRASAD, L M 0aOrganisational Behaviour aN.DelhibSultan Chandc2007 a709 aMBA